01085nab a22002297a 4500003000400000005001700004008004100021040000700062100002300069245014000092260007300232300001500305500003700320505011100357505008100468650001800549650001700567650002700584650005200611650004300663773014900706OSt20260213122128.0190429b xxu||||| |||| 00| 0 spa d cPJ aBonhote, Laura V. 10aUn nuevo standard de la Corte Suprema contra la revictimización institucional de niñas, niños y adolescentes /cLaura V. Bonhote. cCiudad Autónoma de Buenos Aires :aThomson Reuters La Ley, b2024. ap. 111-119 aCita: TR LALEY AR/DOC/2274/2023. aSumario: I. Introducción.— II. El nuevo precedente de la Corte Suprema "G.G.E.".— III. Conclusiones. tSi te interesa el texto completo, solicitalo a koha@justierradelfuego.gov.ar 0aDERECHO PENAL 0aABUSO SEXUAL 0aSENTENCIA CONDENATORIA 0aDERECHOS DE LAS NIÑAS, NIÑOS Y ADOLESCENTES 0aCORTE SUPREMA DE JUSTICIA DE LA NACION0 02658tRevista de derecho penal y criminología. Nº 7 - Junio 2024dCiudad Autónoma de Buenos Aires : Thomson Reuters La Ley, 2017-x00347914